Pokémon que empiezan por la letra U - Estadísticas

Estadísticas generales
  • Esta prueba ha sido intentada 20 veces
  • La puntuación promedio es 6 de 7
Estadísticas de respuestas
Gen. Tipo Nombre % Correcto
II Psíquico Unown
92%
VIII Tierra/Normal Ursaluna
92%
II Siniestro Umbreon
85%
II Normal Ursaring
77%
V Normal/Volador Unfezant
69%
VIII Lucha/Siniestro - Lucha/Agua Urshifu
69%
IV Psíquico Uxie
69%
No se encontraron pruebas coincidentes
Distribución de puntuación
Porcentaje de gente con cada puntuación
Porcentaje por número respondido
Historial de tus puntuaciones
No has intentado esta prueba.